Представление документа в формате RUSMARC

Поле Инд. ПП Название Значение
Тип записи a
Библиографический уровень a
001 Контрольный номер 13d688d9d31041edab8ac796f664ba57
005 Дата корректировки 20200421132400.2
100 a Данные общей обработки 20181126 ||| 0rusy0189 ca
101 0_ a Язык текста rus
102 a Страна публикации RU
200 1_ f Первые сведения об ответственности М.В. Кучин
a Заглавие Судебное нормотворчество в Древнем Риме
b Общее обозначение материала Текст
210 1_ d Дата издания 2017
461 _0 1 2000
a Администратор суда
463 _0 1 2000
a № 3
v С. 50-54
1 2101
d 2017
1 001c91574e336cc40ae8e19072c73221794
606 a Основная рубрика Право. Юридические науки
x Основная подрубрика Римское право. Римское частное право
610 0_ a Ключевые слова ИСТОЧНИКИ ПРАВА
a Ключевые слова СУДОПРОИЗВОДСТВО
a Ключевые слова СУДЕБНЫЙ ПРЕЦЕДЕНТ
a Ключевые слова ПРАВОТВОРЧЕСТВО
700 _1 a Фамилия Кучин
b Имя М.В.
801 _0 a Страна RU
b Организация РГУП
c Дата составления 20181126
g Правила каталогизации PSBO
801 _1 a Страна RU
b Организация РГУП
c Дата составления 20181126
g Правила каталогизации PSBO
901 t Тип документа b
w Контрольный № источника c91574e336cc40ae8e19072c73221794
905 a Дата ввода 20181126